Tráth na gCeist ar Phláinéid an Chórais Ghréine - Gaeilge - Statistics

General Stats
  • This quiz has been taken 9 times
  • The average score is 5 of 8
Answer Stats
Pláinéad % Correct
1 Domhan
100%
2 Mars
80%
4 Iúpatar
60%
8 Neiptiún
60%
3 Satarn
60%
6 Úránas
60%
5 Véineas
60%
7 Mearcair
40%
No matching quizzes found
Score Distribution
Percent of People with Each Score
Percentile by Number Answered
Your Score History
You have not taken this quiz